• 首页
  • 本馆介绍
  • 公告通知
  • 最新文献
  • 馆藏检索
  • 电子资源
  • 读者导购
  • 参考咨询
  • 我的图书馆
  • 登录
  • 详细信息显示
  • 放入我的书架
  • 预约/预借图书
  • 作者相关作品
  • 分类相关作品
  • 丛书相关作品
  • 出版社相关作品

书目信息

  • 表格格式
  • 工作单格式
  • 卡片格式
题名:
实用生物化学原理和技术
    
 
作者: 威廉斯 , William , 威尔逊 , Willson 编 ;王海云 , 冯兆元 译
分册:  
出版信息: 北京   科学出版社  1979
页数: 274页
开本: 19cm
丛书名:
单 册:
中图分类: Q503 , Q5
科图分类:
主题词: 生物化学--技术--应用 , 生物化学
电子资源:
ISBN:
000 01058nam0 2200337 45
001 0179002381
005 20040630174750.6
010    @dCNY0.75
091    @a13031.1033
100    @a19950726d1979 em y0chiy0121 ea
101 1  @achi@ceng
102    @aCN@b110000
105    @ay z 000yy
106    @ar
200 10 @a实用生物化学原理和技术@Ashi yong sheng wu hua xue yuan li he ji shu@f(英)威廉斯(B.L.William),(英)威尔逊(K.Wilson)编@g王海云,冯兆元译
210    @a北京@c科学出版社@d1979
215    @a274页@d19cm
300    @a书名原文:Principls and techniques of practical biochemistry
510 1  @aPrincipls and techniques of practical biochemistry@zeng
606    @a生物化学@x技术@x应用
606 0  @a生物化学
690    @aQ503@v3
690    @aQ5
701  1 @a威廉斯@Awei lian si@bB.L.@4编
701 A1 @aWilliam@bB.L.@4编
701  1 @a威尔逊@Awei er xun@bK.@4编
701 A1 @aWillson@bK.@4编
702  0 @a王海云@Awang hai yun@4译
702  0 @a冯兆元@Afeng zhao yuan@4译
801  0 @aCN@bNLC@c20040630
905    @f1@b162127@dQ5@e34
    
    实用生物化学原理和技术/(英)威廉斯(B.L.William),(英)威尔逊(K.Wilson)编/王海云,冯兆元译.-北京:科学出版社,1979
    274页;19cm
    书名原文:Principls and techniques of practical biochemistry
    
    ISBN :CNY0.75
    
●
相关链接 在E读中查询图书 在五车中查询图书 在当当中查询图书 在豆瓣中查询图书


正题名:实用生物化学原理和技术     索取号:Q5/34         预约/预借

序号 登录号 条形码 馆藏地/架位号 状态 备注
1 0162127   001942474   第三借阅区/ [索取号:Q5/34] 在馆    
2 0162128   202108012   第二样本阅览室/ [索取号:Q5/34] 在馆    
唐山师范学院图书馆 欢迎您!
大连网信软件有限公司© 版权所有